Censo Electoral publicado en 1908, procedente de la inscripción verificada el 7 de Octubre de 1907 : (Record no. 56918)

MARC details
000 -LEADER
campo de control de longitud fija 00783nam a2200169 i 4500
001 - NÚMERO DE CONTROL
campo de control 56918
003 - IDENTIFICADOR DE NÚMERO DE CONTROL
campo de control ES-MaACL
005 - FECHA Y HORA DE LA ÚLTIMA TRANSACCIÓN
campo de control 20230906163456.0
007 - CAMPO FIJO DE DESCRIPCIÓN FÍSICA--INFORMACIÓN GENERAL
campo de control de longitud fija t|
008 - DATOS DE LONGITUD FIJA--INFORMACIÓN GENERAL
campo de control de longitud fija 031014s1908 sp ||||1| spa d
245 00 - MENCIÓN DEL TÍTULO
Título Censo Electoral publicado en 1908, procedente de la inscripción verificada el 7 de Octubre de 1907 :
Resto del título Clasificación de los electores de dicho Censo /
Mención de responsabilidad, etc. Dirección General del Instituo Geográfico y Estadístico.
260 ## - PUBLICACIÓN, DISTRIBUCIÓN, ETC.
Lugar de publicación, distribución, etc. Madrid :
Nombre del editor, distribuidor, etc. [s.n.],
Fecha de publicación, distribución, etc. 1908 (
Fabricante Imp. del Instituto Geográfico y Estadístico)
300 ## - DESCRIPCIÓN FÍSICA
Extensión IX, 123 p. ;
Dimensiones 33 cm.
594 ## - Nota al título y mención de responsabilidad
Nota al título y mención de responsabilidad Precede al tit.: Ministerio de Instruccion pública y Bellas Artes. Direccion general del Instituto Geográfico y Estadistico.
650 #4 - PUNTO DE ACCESO ADICIONAL DE MATERIA--TÉRMINO DE MATERIA
Término de materia o nombre geográfico como elemento de entrada Censos electorales-
Subdivisión geográfica España.
9 (RLIN) 161311
852 ## - LOCALIZACIÓN
Ubicación ES-MaACL
Número de control de estantería C-12361
Holdings
Estatus retirado Estado de pérdida Estado de daño No para préstamo Biblioteca de origen Biblioteca actual Ubicación en estantería Fecha de adquisición Fuente de adquisición Total de préstamos Signatura topográfica completa Código de barras Visto por última vez Precio de reemplazo Tipo de ítem Koha
        Biblioteca del Ateneo de Madrid Biblioteca del Ateneo de Madrid Sala Palomar 17/01/2008     C-12361 1059772 23/02/2023 23/02/2023 Libro impreso